| 000 | 03281nam a2200421 i 4500 | ||
|---|---|---|---|
| 001 | 196819 | ||
| 003 | ES-GrU | ||
| 005 | 20250819085729.0 | ||
| 007 | ta | ||
| 008 | 241216s2024 sp 001 0 spa d | ||
| 017 |
_aM 23716-2024 _bOficina Depósito Legal Madrid |
||
| 020 | _a9788410671133 | ||
| 040 |
_aUGR _erda _bspa _cES-MaACL |
||
| 100 | 1 |
_aMartínez Soler, José Antonio _9239382 _eaut |
|
| 240 | 1 | 0 | _aFranco para jóvenes |
| 245 | 1 | 0 |
_aFranco para jóvenes / _cJosé A. Martínez Soler y Erik Martínez Westley. |
| 250 | _aSegunda edición: diciembre de 2024 | ||
| 264 | 1 |
_aMadrid : _bLos Libros de la Catarata, _c2024 |
|
| 264 | 4 | _c©2024 | |
| 300 |
_a189 páginas ; _c22 cm |
||
| 336 |
_atexto _btxt _2rdacontent |
||
| 337 |
_asin mediación _bn _2rdamedia |
||
| 338 |
_avolumen _bnc _2rdacarrier |
||
| 520 | 3 |
_aHace cincuenta años que murió Franco, un dictador que tuvo todo el poder durante casi cuatro décadas. Unos le querían y otros le odiaban. Todos le temían. El caudillo de España por la gracia de Dios, y no por el voto de los españoles y españolas, marca la historia reciente en nuestro país. Sus efectos todavía perduran. Franco ganó la Guerra Civil con la ayuda de Hitler y Mussolini. La historia de las guerras y las dictaduras la escriben los vencedores, pero que hayan ganado no significa que tuvieran razón o que los hechos sean buenos o inalterables. La historia cambia a medida que descubrimos más datos.A mí me secuestró y torturó un comando de la Guardia Civil franquista en 1976, tres meses después de la muerte del dictador, por un artículo que escribí. Casi no vivo para contarlo. A otros les pasaron cosas peores. En estas cinco décadas desde la muerte del dictador, España ha vivido una transición a la democracia; cuesta imaginar que nuestros padres, abuelos y bisabuelos, no hace tanto, se estuvieran matando entre ellos. Ahora que aumenta el populismo y la desinformación, con el auge de la extrema derecha en toda Europa, incluida España, es bueno conocer nuestra historia reciente, saber de dónde venimos y poder tomar decisiones que nos lleven hacia un futuro mejor. Heredáis esta democracia de medio siglo. Viene bien que sepáis sobre qué cimientos está alzada para que podáis sacarle el máximo provecho, porque no te das cuenta de lo valiosa que es la libertad hasta que te falta. Ojalá nunca os falte. _2[Resumen del editor] |
|
| 600 | 1 | 4 |
_aFranco Bahamonde, Francisco, _2embne _952240 _d1892-1975 |
| 650 | 7 |
_aFranquismo _2embne _912981 |
|
| 650 | 0 |
_aDictadores _2EMBUS _9239384 |
|
| 650 | 7 |
_aDictadura militar _2embne _9239385 |
|
| 650 | 0 |
_aHistoria- _xEstudio y enseñanza- _zEspaña _9239386 |
|
| 700 | 1 |
_aMartínez Westley, Erik _9239387 _eaut |
|
| 852 |
_aES-MaACL _cDEPOJ _jN-10242 _gDedicatorias autógrafas de los autores _hDonación: José A. Martínez Soler; Erik Martínez Westley _xEncuadernación rústica con solapas _9206368 |
||
| 903 |
_9239382 _aMartínez Soler, José Antonio _ednr |
||
| 903 |
_9239387 _aMartínez Westley, Erik _ednr |
||
| 942 |
_cMONOGRAFIA _n0 |
||
| 999 |
_c196819 _d196819 |
||